000 01070nam a2200121Ia 4500
008 220615s9999||||xx |||||||||||||| ||und||
245 0 _aLaser Shock Processing and Related Phenomena
546 _aEnglish[eng]
650 _alaser peening||fatigue||residual stress||laser shock waves||laser peening history||laser shock peening||residual stresses||shot pattern||energy density||overlap||hole drilling||AA 2024||cladded aluminum||notch||aluminium alloys||finite element method||polymers||solid confinement||VISAR measurement||laser shock processing||plasma diagnosis||electron density||dry laser peening||femtosecond laser||shock wave||laser welding||2024 aluminum alloy||high-velocity impact welding||laser impact welding||finite element simulation||experimental analysis||microhardness||resonant fatigue resistance||roughness||aluminum alloys||handheld laser||nuclear power reactor||stress corrosion cracking||anisotropy||FEM analysis||Mg AZ31B alloy||n/a
700 _aOcaña, José L.||Grum, Janez
856 _uhttps://mdpi.com/books/pdfview/book/2816
942 _cEB
999 _c9983
_d9983